Nennen Sie die 20 besten Fußball-Landesmannschaften der Welt 2024 - Statistiken

Allgemein
  • Dieses Quiz wurde 329 mal gespielt
  • Das Durchschnittsergebnis liegt bei 17 aus 20
Antwortstatistiken
Hint Antwort % Korrekt
16 Deutschland
99%
2 Frankreich
98%
1 Argentinien
97%
5 Brasilien
97%
8 Spanien
97%
4 Belgien
95%
9 Italien
94%
7 Portugal
94%
6 Niederlande
93%
3 England
92%
12 Vereinigte Staaten
84%
10 Kroatien
82%
18 Schweiz
81%
17 Japan
80%
15 Mexiko
78%
19 Dänemark
74%
14 Kolumbien
71%
13 Marokko
68%
11 Uruguay
64%
20 Senegal
44%
Keine übereinstimmenden Quizze gefunden
Verteilung der Resultate
Anzahl Personen mit jedem Resultat
Perzentil nach korrekt beantworteten Fragen
Ihre Resultats-Entwicklung
Sie haben dieses Quiz noch nicht gespielt